<?xml version="1.0" encoding="UTF-8"?>
<marc:record xmlns:marc="http://www.loc.gov/MARC21/slim">
   <marc:leader>00000nam a2200000 a 4500</marc:leader>
   <marc:datafield ind1="1" ind2=" " tag="100">
      <marc:subfield code="a">Horowski, Aleksander</marc:subfield>
   </marc:datafield>
   <marc:datafield ind1=" " ind2=" " tag="653">
      <marc:subfield code="a">k||Klarissen</marc:subfield>
   </marc:datafield>
   <marc:datafield ind1=" " ind2=" " tag="653">
      <marc:subfield code="a">g||Italien</marc:subfield>
   </marc:datafield>
   <marc:datafield ind1=" " ind2=" " tag="653">
      <marc:subfield code="a">k||Kapuzinerinnen</marc:subfield>
   </marc:datafield>
   <marc:datafield ind1=" " ind2=" " tag="653">
      <marc:subfield code="a">Geschichte 1600-1960</marc:subfield>
   </marc:datafield>
   <marc:datafield ind1=" " ind2=" " tag="653">
      <marc:subfield code="a">f||Biographie</marc:subfield>
   </marc:datafield>
   <marc:datafield ind1=" " ind2=" " tag="653">
      <marc:subfield code="a">s||Spiritualität</marc:subfield>
   </marc:datafield>
   <marc:datafield ind1=" " ind2=" " tag="653">
      <marc:subfield code="a">Geschichte Anfänge-1545</marc:subfield>
   </marc:datafield>
   <marc:datafield ind1=" " ind2=" " tag="653">
      <marc:subfield code="a">k||Klarissen-Kapuzinerinnen</marc:subfield>
   </marc:datafield>
   <marc:datafield ind1="0" ind2="0" tag="245">
      <marc:subfield code="a">All'ombra della Chiara luce</marc:subfield>
   </marc:datafield>
   <marc:datafield ind1="0" ind2="0" tag="245">
      <marc:subfield code="c">a cura di Aleksander Horowski</marc:subfield>
   </marc:datafield>
   <marc:datafield ind1=" " ind2="1" tag="264">
      <marc:subfield code="a">Roma</marc:subfield>
      <marc:subfield code="b">Istituto Storico dei Cappuccini</marc:subfield>
      <marc:subfield code="c">2005</marc:subfield>
   </marc:datafield>
   <marc:datafield ind1="1" ind2=" " tag="490">
      <marc:subfield code="a">Bibliotheca Seraphico-Capuccina ; 75</marc:subfield>
      <marc:subfield code="v">75</marc:subfield>
   </marc:datafield>
   <marc:datafield ind1="1" ind2=" " tag="520">
      <marc:subfield code="a">Il titolo del volume allude al fatto che nella storia dell&#x92;Ordine clariano c&#x92;è tanta luce nascosta all&#x92;ombra dei personaggi noti e ufficialmente canonizzati. Si è voluto, quindi, esplorare questo campo di &#x93;sante mancate&#x94;, di clarisse italiane che lasciarono degli scritti spirituali, spesso inediti o ingiustamente caduti nell&#x92;oblio. Analizzando i loro scritti, sono state poste le seguenti domande: in quale misura queste monache si nutrivano dell&#x92;eredità di san Francesco e di santa Chiara? La loro spiritualità e esperienza mistica è fedele allo spirito della fondatrice, o proviene dalle altre correnti? Queste scrittrici riuscirono a creare una feconda sintesi della spiritualità clariana e di quella della loro epoca? In che modo i loro scrittti possano influire sull&#x92;odierno mondo francescano e sul cristiano di oggi? Insomma, che cosa è attuale e rilevante nella loro esperienza spirituale? Il saggio di A. Bartolomei Romagnoli presenta una vasta panoramica dell&#x92;Ordine di santa Chiara dalla sua fondazione fino al Concilio di Trento. M. Sensi affronta, invece, un tema più specifico: I monasteri e i bizzocaggi dell&#x92;osservanza francescana a Foligno nel XV. Gli studi seguenti sono dedicati ad alcune figure di clarisse. M. Bartoli presenta suor Giulia da Milano (&#x86; 1541), una visionaria ed autrice di un diario spirituale. G. D&#x92;Andrea ci propone, invece, sullo sfondo della storia del monastro S. Chiara di Napoli, suor Delia Bonito (&#x86; dopo 1757) e il suo ruolo per la musica (fu autrice di una Messa), l&#x92;arte e la cultura materiale del monastero. M. Papalini si occupa della vita interiore di suor Chiara Isabella Ghersi (&#x86; 1800), riformatrice del monastero di Gubbio, serva di Dio, della quale si conoscono alcune relazioni, scritte su richiesta dei confessori, e alcune lettere. Seguono poi gli studi sulle cappuccine. P. Fontana ci presenta suor Domitilla Galuzzi (&#x86; 1671), del monastero di Pavia, un&#x92;estatica, condannata all&#x92;oblio perché ingiustamente considerata ingannata dal demonio o &#x93;isterica&#x94;. E. Bottoni si occupa del caso di Paolantonia Novelli (&#x86; 1742), dapprima terziaria e poi cappuccina, fondatrice e riformatrice dei monasteri, mistica e scrittrice, esaminata con sospetto (ormai dopo la morte) dal Sant&#x92;Ufficio a causa di un presunto pericolo di quietismo. F. Fusar Bassini dedica il suo studio a Maria Nazarena Sandri (&#x86; 1749), compagna della b. Maria Maddalena Martinengo e autrice di trattati sulla vita interiore. Ch.F. Lacchini delinea un profilo spirituale della sua consorella Maria Diomira del Verbo Incarnato (&#x86; 1768), del monastero di Fanano, badessa e maestra delle novizie. N. Gori analizza alcuni aspetti del Diario di suor Consolata Betrone (&#x86; 1946), del monastero di Moriondo. C. Cargnoni ci fa conoscere l&#x92;eredità spirituale e l&#x92;esperienza mistica di Maria Costanza Panas (&#x86; 1963), badessa di Fabriano. Infine, F. Accrocca raccoglie in uno sguardo riassuntivo la ricchezza di vita interiore dei singoli personaggi, cercando di rintracciare le linee comuni della loro esperienza e dottrina e mettendo in evidenza il loro legame con s. Chiara e con la spiritualità francescana.</marc:subfield>
   </marc:datafield>
   <marc:datafield ind1=" " ind2=" " tag="020">
      <marc:subfield code="a">8888001352</marc:subfield>
      <marc:subfield code="9">8888001352</marc:subfield>
   </marc:datafield>
   <marc:datafield ind1=" " ind2=" " tag="500">
      <marc:subfield code="a">Literaturangaben</marc:subfield>
   </marc:datafield>
   <marc:datafield ind1=" " ind2=" " tag="300">
      <marc:subfield code="a">555 S. : Ill.; 24 cm</marc:subfield>
   </marc:datafield>
</marc:record>
